00685 a2200181 4500020001500000040001300015082001200028100002300040245008200063260005200145300003300197650002700230650002900257700002300286942002500309999001500334952015400349 a1584883669 aDLCbDLC00a519.5351 aMartinez, Wendy L.10aExploratory data analysis with MATLAB cWendy L. Martinez, Angel R. Martinez. aBoca Raton, Fla. :bChapman & Hall/CRC,cc2005. axv, 405 p. :bill. ;c24 cm. 0aMultivariate analysis. 0aMathematical statistics.1 aMartinez, Angel R. cBKk519.535 MAR2ddc c9809d9809 001040708NFICaCLbCLcGENd2005-08-06eA & J Def Tek Concultantsg5224.80l1m1o519.535 MARpSEECS006281r2016-04-28s2016-03-17w2017-01-05yBK